Library of the University of Algiers 3
Ibrahim Sultan Cheibout
شعار جامعة الجزائر 3
مكتبة جامعة الجزائر 3
إبراهيم سلطان شيبوط

أساسيات الإقتصاد / (رقم التسجيلة. 45501)

تفاصيل مارك
000 -LEADER
fixed length control field 00916nam a2200241Ia 4500
003 - CONTROL NUMBER IDENTIFIER
control field Ost
005 - DATE AND TIME OF LATEST TRANSACTION
control field 20260507075647.0
008 - FIXED-LENGTH DATA ELEMENTS--GENERAL INFORMATION
fixed length control field 260507s9999||||xx |||||||||||||| ||und||
020 ## - INTERNATIONAL STANDARD BOOK NUMBER
International Standard Book Number 4001809959
040 ## - CATALOGING SOURCE
Transcribing agency fsecg
041 ## - LANGUAGE CODE
Language code of text/sound track or separate title ara
082 ## - DEWEY DECIMAL CLASSIFICATION NUMBER
Classification number 330
100 ## - MAIN ENTRY--PERSONAL NAME
Personal name الطبولي، أبو القاسم عمر
Relator term مؤلف
245 #0 - TITLE STATEMENT
Title أساسيات الإقتصاد /
Statement of responsibility, etc. أبو القاسم عمر الطبولي
250 ## - EDITION STATEMENT
Edition statement طبعة 9
260 ## - PUBLICATION, DISTRIBUTION, ETC.
Place of publication, distribution, etc. بنغازي:
Name of publisher, distributor, etc. دار الجماهيرية للنشر والتوزيع,
Date of publication, distribution, etc. 1999
300 ## - PHYSICAL DESCRIPTION
Extent 352 صفحة؛
Other physical details إيضاحات ؛
Dimensions 24 سم
520 ## - SUMMARY, ETC.
Summary, etc. مبادئ التحليل المالي الإقتصادي الجزئي- مبادئ التحليل الإقتصادي الكلي.
653 ## - INDEX TERM--UNCONTROLLED
Uncontrolled term أساسيات الإقتصاد
653 ## - INDEX TERM--UNCONTROLLED
Uncontrolled term الإقتصاد
700 ## - ADDED ENTRY--PERSONAL NAME
Personal name عطية،علي عبد السلام
Relator term مؤلف ثانوي
942 ## - ADDED ENTRY ELEMENTS (KOHA)
Koha item type كتب
المقتنيات
Withdrawn status Lost status Source of classification or shelving scheme Damaged status Not for loan Home library Current library Date acquired Serial enumeration / chronology Inventory number Total checkouts Full call number Barcode Date last seen Price effective from Koha item type
    Dewey Decimal Classification   NOT LOAN / إعارة داخلية مكتبة كلية العلوم الإقتصادية والعلوم التجارية وعلوم التسيير مكتبة كلية العلوم الإقتصادية والعلوم التجارية وعلوم التسيير 07/05/2026 الطابق الأرضي 1622/1   أ/1622ن1 1622/1 07/05/2026 07/05/2026 كتب
    Dewey Decimal Classification   Available مكتبة كلية العلوم الإقتصادية والعلوم التجارية وعلوم التسيير مكتبة كلية العلوم الإقتصادية والعلوم التجارية وعلوم التسيير 07/05/2026 الطابق الثاني 1622/2   أ/1622ن2 1622/2 07/05/2026 07/05/2026 كتب

موارد الويب المفتوحة


© University of Algiers 3 All Rights Reserved
|
Implemented by LECHELAH Riad